[Event "FICGS rapid C 000099 email"]
[Site "FICGS email"]
[Date "2011.06.21"]
[Round "1"]
[White "Boi, Paolo"]
[Black "Prie, Eric"]
[Result "0-1"]
[WhiteElo "1661"]
[BlackElo "1528"]
[PlyCount "24"]
[EventDate "2011.??.??"]
[EventType "tourn (rapid)"]
[EventRounds "6"]
[SourceTitle "Corr 2013"]
[Source "ChessBase"]
[SourceDate "2012.11.12"]
[SourceVersion "1"]
[SourceVersionDate "2012.11.12"]
[SourceQuality "1"]

1. d4 Nf6 2. c4 e6 3. Nc3 Bb4 4. e3 c5 5. Bd3 Bxc3+ 6. bxc3 0-0 7. Nf3 b6 8. 0-0 Bb7 9. Nd2 d5 10. cxd5 exd5 11. dxc5 bxc5 12. Rb1 Qc7 0-1

[Event "RC-2011-0-00071"]
[Site "LSS email"]
[Date "2011.05.23"]
[Round "?"]
[White "Boi, Paolo"]
[Black "Korinek, Jaroslav"]
[Result "0-1"]
[WhiteElo "1577"]
[BlackElo "1713"]
[PlyCount "58"]
[EventDate "2011.04.01"]
[EventType "tourn (corr)"]
[EventRounds "6"]
[EventCountry "GER"]
[SourceTitle "Telechess CBM 151"]
[Source "ChessBase"]
[SourceDate "2012.11.13"]
[SourceVersion "1"]
[SourceVersionDate "2012.11.13"]
[SourceQuality "1"]

1. e4 e5 2. Nf3 Nc6 3. Bb5 a6 4. Ba4 Nf6 5. d3 d6 6. c3 b5 7. Bb3 Be7 8. h3 0-0 9. 0-0 Na5 10. Bc2 c5 11. d4 cxd4 12. cxd4 Bb7 13. d5 Rc8 14. a3 Qc7 15. Nc3 Nd7 16. Ng5 h6 17. Nf3 Nc4 18. Re1 Kh8 19. Nd2 Nxd2 20. Bxd2 Nb6 21. Qf3 Nc4 22. Bc1 Bg5 23. Bxg5 hxg5 24. Qh5+ Kg8 25. b4 Qd8 26. a4 Nb6 27. Qf3 Qc7 28. Re3 Nc4 29. Re2 Nb6 0-1

[Event "RC-2011-0-00071"]
[Site "LSS email"]
[Date "2011.05.23"]
[Round "?"]
[White "Eide, John Henning"]
[Black "Boi, Paolo"]
[Result "1-0"]
[WhiteElo "1761"]
[BlackElo "1577"]
[PlyCount "53"]
[EventDate "2011.04.01"]
[EventType "tourn (corr)"]
[EventRounds "6"]
[EventCountry "GER"]
[SourceTitle "Telechess CBM 151"]
[Source "ChessBase"]
[SourceDate "2012.11.13"]
[SourceVersion "1"]
[SourceVersionDate "2012.11.13"]
[SourceQuality "1"]

1. d4 Nf6 2. c4 e6 3. Nc3 d5 4. cxd5 exd5 5. Bg5 Be7 6. e3 c6 7. Bd3 Nbd7 8. Nf3 0-0 9. Qc2 h6 10. Bf4 Nh5 11. 0-0 Nxf4 12. exf4 Bd6 13. g3 Nf6 14. a3 Bg4 15. Ne5 Qb6 16. Na4 Qc7 17. Rfe1 Bh3 18. Rac1 a5 19. Qb3 Rae8 20. Qd1 Re7 21. Qc2 Rfe8 22. Re3 g5 23. Bf5 gxf4 24. gxf4 Bxf5 25. Qxf5 Re6 26. Kh1 Kf8 27. Rg3 1-0

[Event "RC-2011-0-00071"]
[Site "LSS email"]
[Date "2011.05.21"]
[Round "?"]
[White "Boi, Paolo"]
[Black "Pott, Brian"]
[Result "0-1"]
[WhiteElo "1577"]
[BlackElo "1602"]
[PlyCount "68"]
[EventDate "2011.04.01"]
[EventType "tourn (corr)"]
[EventRounds "6"]
[EventCountry "GER"]
[SourceTitle "Telechess CBM 151"]
[Source "ChessBase"]
[SourceDate "2012.11.13"]
[SourceVersion "1"]
[SourceVersionDate "2012.11.13"]
[SourceQuality "1"]

1. d4 Nf6 2. c4 g6 3. Nc3 Bg7 4. e4 d6 5. f3 0-0 6. Be3 e5 7. Nge2 c6 8. Qd2 Nbd7 9. 0-0-0 a6 10. Kb1 b5 11. Nc1 exd4 12. Bxd4 b4 13. Na4 Qa5 14. Qc2 c5 15. Bxf6 Bxf6 16. Rxd6 Be7 17. Rd1 Nb8 18. h4 Bd7 19. b3 Bxa4 20. bxa4 Qc7 21. h5 g5 22. Nb3 h6 23. Rg1 Nc6 24. g3 Rfd8 25. Rd5 Nd4 26. Qd3 Rxd5 27. cxd5 Rc8 28. Bh3 c4 29. Qxd4 cxb3 30. Qd3 Qc2+ 31. Qxc2 bxc2+ 32. Kb2 Bf6+ 33. Kc1 Rc5 34. d6 Kf8 0-1

[Event "OP-2011-0-01504"]
[Site "LSS email"]
[Date "2011.04.27"]
[Round "?"]
[White "Vidovic, Ante"]
[Black "Boi, Paolo"]
[Result "1-0"]
[WhiteElo "2081"]
[BlackElo "1577"]
[PlyCount "45"]
[EventDate "2011.04.24"]
[EventType "tourn (corr)"]
[EventRounds "4"]
[EventCountry "GER"]
[SourceTitle "Telechess CBM 151"]
[Source "ChessBase"]
[SourceDate "2012.11.13"]
[SourceVersion "1"]
[SourceVersionDate "2012.11.13"]
[SourceQuality "1"]

1. e4 c6 2. d4 d5 3. e5 Bf5 4. Be3 e6 5. Nd2 Nd7 6. Ngf3 Ne7 7. Be2 c5 8. dxc5 Qc7 9. 0-0 Nc6 10. c4 Bxc5 11. Bxc5 Nxc5 12. cxd5 exd5 13. Bb5 Bd3 14. Bxd3 Nxd3 15. Qb3 Nf4 16. g3 Ne6 17. Qxd5 Rd8 18. Qe4 0-0 19. Rfe1 Nc5 20. Qf5 Nd3 21. Re2 Ndxe5 22. Nxe5 Nd4 23. Qe4 1-0

[Event "BI-2011-P-00031"]
[Site "LSS email"]
[Date "2011.04.17"]
[Round "?"]
[White "Zakharov, Oleg Yu"]
[Black "Boi, Paolo"]
[Result "1-0"]
[WhiteElo "2272"]
[BlackElo "1900"]
[PlyCount "49"]
[EventDate "2011.04.20"]
[EventType "tourn (corr)"]
[EventRounds "10"]
[EventCountry "GER"]
[SourceTitle "Corr 2022"]
[Source "ChessBase"]
[SourceDate "2021.10.24"]
[SourceVersion "1"]
[SourceVersionDate "2021.10.24"]
[SourceQuality "1"]

1. e4 c6 2. d4 d5 3. e5 c5 4. Nf3 Bg4 5. Bb5+ Bd7 6. Bxd7+ Nxd7 7. c4 e6 8. cxd5 exd5 9. 0-0 Ne7 10. Nc3 cxd4 11. Nxd4 Nxe5 12. Re1 f6 13. Bf4 N7g6 14. Bg3 Be7 15. f4 Nc6 16. Ne6 Qd7 17. Nxg7+ Kf7 18. Ne6 Bb4 19. f5 Rae8 20. Qg4 Re7 21. h4 Ba5 22. h5 Bb6+ 23. Kf1 Rg8 24. hxg6+ hxg6 25. Qh4 1-0

[Event "SB-2011-0-00143"]
[Site "LSS email"]
[Date "2011.04.11"]
[Round "?"]
[White "Boi, Paolo"]
[Black "Elias, Holger"]
[Result "0-1"]
[WhiteElo "1590"]
[BlackElo "1971"]
[PlyCount "58"]
[EventDate "2011.03.20"]
[EventType "tourn (corr)"]
[EventRounds "6"]
[EventCountry "GER"]
[SourceTitle "Telechess CBM 157"]
[Source "ChessBase"]
[SourceDate "2013.11.12"]
[SourceVersion "1"]
[SourceVersionDate "2013.11.12"]
[SourceQuality "1"]

1. d4 d5 2. Nf3 Nf6 3. Bf4 c5 4. dxc5 e6 5. b4 a5 6. c3 axb4 7. cxb4 Nc6 8. Nd4 Nxb4 9. Nb5 e5 10. Bxe5 Bxc5 11. Nc7+ Kf8 12. Nxa8 Bf5 13. Qb3 Nc2+ 14. Kd1 Ng4 15. e4 Nxa1 16. Qc3 Nxf2+ 17. Ke1 Nxe4 18. Bxg7+ Kg8 19. Qxa1 Qa5+ 20. Bc3 Bf2+ 21. Ke2 Qa6+ 22. Kd1 Qa4+ 23. Kc1 Be3+ 24. Nd2 Nxd2 25. Kb2 Bc5 26. Bb4 Nc4+ 27. Bxc4 Qxb4+ 28. Kc1 Be3+ 29. Kd1 Qd2# 0-1

[Event "SB-2011-0-00143"]
[Site "LSS email"]
[Date "2011.04.09"]
[Round "?"]
[White "Boi, Paolo"]
[Black "Bartsch, Christian"]
[Result "0-1"]
[WhiteElo "1590"]
[BlackElo "1858"]
[PlyCount "27"]
[EventDate "2011.03.20"]
[EventType "tourn (corr)"]
[EventRounds "6"]
[EventCountry "GER"]
[SourceTitle "Corr 2015"]
[Source "ChessBase"]
[SourceDate "2015.07.17"]
[SourceVersion "1"]
[SourceVersionDate "2015.07.17"]
[SourceQuality "1"]

1. e4 d6 2. d4 Nf6 3. Nc3 g6 4. Be3 c6 5. Qd2 b5 6. Bd3 Bg7 7. Bh6 0-0 8. Nf3 Bg4 9. 0-0-0 Qb6 10. e5 dxe5 11. dxe5 Nd5 12. Bxg7 Kxg7 13. Nxd5 cxd5 14. Qf4 0-1

[Event "SB-2011-0-00143"]
[Site "LSS email"]
[Date "2011.04.08"]
[Round "?"]
[White "Sukhorskij, Vladimir Stanislavo"]
[Black "Boi, Paolo"]
[Result "1-0"]
[WhiteElo "2154"]
[BlackElo "1590"]
[PlyCount "59"]
[EventDate "2011.03.20"]
[EventType "tourn (corr)"]
[EventRounds "6"]
[EventCountry "GER"]
[SourceTitle "Telechess CBM 157"]
[Source "ChessBase"]
[SourceDate "2013.11.12"]
[SourceVersion "1"]
[SourceVersionDate "2013.11.12"]
[SourceQuality "1"]

1. e4 c6 2. d4 d5 3. e5 c5 4. c3 Nc6 5. Be2 Bf5 6. Nf3 e6 7. 0-0 Nge7 8. dxc5 Ng6 9. b4 Ngxe5 10. Nd4 Nxd4 11. cxd4 Nd7 12. Nc3 Be7 13. Bf4 0-0 14. Nb5 a6 15. Nd6 Bxd6 16. Bxd6 Re8 17. a4 Qg5 18. b5 axb5 19. axb5 Be4 20. Bg3 Rxa1 21. Qxa1 Qd2 22. Re1 Rc8 23. Bf1 Qb4 24. f3 Bf5 25. Qa7 Qxd4+ 26. Bf2 Qf6 27. Qxb7 Qd8 28. c6 Rc7 29. Qa6 Nb8 30. Qb6 1-0

[Event "FICGS W-ch st1 g10 email"]
[Site "FICGS email"]
[Date "2011.04.01"]
[Round "1"]
[White "Boi, Paolo"]
[Black "Chang, Henk"]
[Result "1-0"]
[WhiteElo "1600"]
[BlackElo "1800"]
[PlyCount "83"]
[EventDate "2011.??.??"]
[EventType "tourn (corr)"]
[EventRounds "8"]
[SourceTitle "Corr 2013"]
[Source "ChessBase"]
[SourceDate "2012.11.12"]
[SourceVersion "1"]
[SourceVersionDate "2012.11.12"]
[SourceQuality "1"]

1. d4 Nf6 2. c4 g6 3. Nc3 Bg7 4. e4 d6 5. f3 0-0 6. Be3 e5 7. d5 Nh5 8. Qd2 f5 9. exf5 gxf5 10. Bd3 Kh8 11. Nge2 a5 12. Ng3 Qh4 13. Bg5 Qd4 14. Nxh5 f4 15. Nxg7 Kxg7 16. Bh4 Qe3+ 17. Qxe3 fxe3 18. Ke2 Na6 19. Kxe3 Nb4 20. Be4 Bf5 21. Rhc1 Bxe4 22. Nxe4 Rae8 23. a3 Na6 24. c5 dxc5 25. Nxc5 Nxc5 26. Rxc5 Rf7 27. Rac1 Rc8 28. d6 c6 29. Rxa5 Rd7 30. Be7 Kf7 31. Rxe5 Rg8 32. g4 Rg6 33. Rc4 Rh6 34. Rf4+ Kg8 35. h4 Rhxd6 36. Bxd6 Rxd6 37. Re8+ Kg7 38. Re7+ Kg8 39. Rxb7 Rd1 40. Rf6 Re1+ 41. Kf2 Rh1 42. Rxc6 1-0

[Event "FICGS W-ch st1 g10 email"]
[Site "FICGS email"]
[Date "2011.04.01"]
[Round "1"]
[White "Dmitriev, Andrey V"]
[Black "Boi, Paolo"]
[Result "1-0"]
[WhiteElo "1764"]
[BlackElo "1600"]
[PlyCount "67"]
[EventDate "2011.??.??"]
[EventType "tourn (corr)"]
[EventRounds "8"]
[SourceTitle "Corr 2013"]
[Source "ChessBase"]
[SourceDate "2012.11.12"]
[SourceVersion "1"]
[SourceVersionDate "2012.11.12"]
[SourceQuality "1"]

1. d4 Nf6 2. c4 e6 3. Nf3 d5 4. Nc3 c6 5. e3 Bd6 6. Bd3 Nbd7 7. Qc2 0-0 8. 0-0 dxc4 9. Bxc4 e5 10. h3 exd4 11. exd4 Nb6 12. Bd3 h6 13. Re1 Be6 14. Ne5 Re8 15. Bd2 Bc7 16. Nf3 Qd6 17. a3 Nbd5 18. Na4 Nf4 19. Nc5 Nxd3 20. Qxd3 Qd5 21. Nxe6 Rxe6 22. Rxe6 Qxe6 23. Re1 Qd7 24. Qb3 Rd8 25. a4 Re8 26. Rxe8+ Nxe8 27. Be3 Qf5 28. Ne5 Nd6 29. g4 Qe4 30. f3 Qb1+ 31. Kg2 Qe1 32. Qd3 a6 33. Bd2 Qd1 34. b3 1-0

[Event "FICGS W-ch st1 g10 email"]
[Site "FICGS email"]
[Date "2011.04.01"]
[Round "1"]
[White "Ralls, Richard Nelson"]
[Black "Boi, Paolo"]
[Result "0-1"]
[WhiteElo "1900"]
[BlackElo "1600"]
[PlyCount "30"]
[EventDate "2011.??.??"]
[EventType "tourn (corr)"]
[EventRounds "8"]
[SourceTitle "Corr 2013"]
[Source "ChessBase"]
[SourceDate "2012.11.12"]
[SourceVersion "1"]
[SourceVersionDate "2012.11.12"]
[SourceQuality "1"]

1. e4 c6 2. d4 d5 3. e5 c5 4. dxc5 Nc6 5. Bb5 Bd7 6. Bxc6 Bxc6 7. e6 fxe6 8. Nf3 Nf6 9. Be3 g6 10. 0-0 Bg7 11. Bd4 0-0 12. Re1 Bd7 13. c4 Rc8 14. Nc3 dxc4 15. Qe2 b5 0-1

[Event "FICGS W-ch st1 g10 email"]
[Site "FICGS email"]
[Date "2011.04.01"]
[Round "1"]
[White "Zeckarias, Simon"]
[Black "Boi, Paolo"]
[Result "0-1"]
[WhiteElo "1132"]
[BlackElo "1600"]
[PlyCount "20"]
[EventDate "2011.??.??"]
[EventType "tourn (corr)"]
[EventRounds "8"]
[SourceTitle "Corr 2013"]
[Source "ChessBase"]
[SourceDate "2012.11.12"]
[SourceVersion "1"]
[SourceVersionDate "2012.11.12"]
[SourceQuality "1"]

1. b3 e5 2. Nc3 Nc6 3. e4 Bc5 4. Bc4 Nf6 5. Nd5 Nxe4 6. Qf3 Bxf2+ 7. Kf1 f5 8. Qxf5 Bd4 9. Nxc7+ Qxc7 10. Qxe4 Bxa1 0-1

[Event "ZI-2011-0-00929"]
[Site "LSS email"]
[Date "2011.03.17"]
[Round "?"]
[White "Sherwood, Russell"]
[Black "Boi, Paolo"]
[Result "1-0"]
[WhiteElo "1803"]
[BlackElo "1742"]
[PlyCount "59"]
[EventDate "2011.03.11"]
[EventType "match (corr)"]
[EventRounds "2"]
[EventCountry "GER"]
[SourceTitle "Telechess CBM 145"]
[Source "Chessbase"]
[SourceDate "2011.11.11"]
[SourceVersion "1"]
[SourceVersionDate "2011.11.11"]
[SourceQuality "1"]

1. e4 c6 2. d4 d5 3. Nc3 dxe4 4. Nxe4 Bf5 5. Ng3 Bg6 6. Nf3 Nd7 7. h4 h6 8. h5 Bh7 9. Bd3 Bxd3 10. Qxd3 Ngf6 11. Bf4 Qa5+ 12. Bd2 Qc7 13. 0-0-0 e6 14. Ne4 Nxe4 15. Qxe4 Nf6 16. Qe2 0-0-0 17. Kb1 Bd6 18. c4 Bf4 19. Bc3 Bd6 20. c5 Bf4 21. g3 Bg5 22. Nxg5 hxg5 23. d5 exd5 24. h6 Qd7 25. Qc2 Qg4 26. f3 Qxf3 27. Rhf1 Qe4 28. hxg7 Qxc2+ 29. Kxc2 Rh2+ 30. Rd2 1-0

[Event "RB-2011-0-00107"]
[Site "LSS email"]
[Date "2011.03.07"]
[Round "?"]
[White "Boi, Paolo"]
[Black "Grego, Luis Jose Gonzaga"]
[Result "0-1"]
[WhiteElo "1714"]
[BlackElo "1953"]
[PlyCount "74"]
[EventDate "2011.01.28"]
[EventType "tourn (corr)"]
[EventRounds "6"]
[EventCountry "GER"]
[SourceTitle "Corr 2013"]
[Source "ChessBase"]
[SourceDate "2012.11.12"]
[SourceVersion "1"]
[SourceVersionDate "2012.11.12"]
[SourceQuality "1"]

1. d4 Nf6 2. c4 g6 3. Nc3 Bg7 4. e4 d6 5. f3 c6 6. Be3 a6 7. Qd2 b5 8. Bd3 Nbd7 9. h4 Bb7 10. Nge2 0-0 11. g4 e5 12. d5 b4 13. Nd1 Nc5 14. Bc2 cxd5 15. cxd5 Qb6 16. h5 Rfc8 17. Ng3 Nfd7 18. hxg6 fxg6 19. Qh2 Nf8 20. f4 exf4 21. Bxf4 a5 22. Ne2 Ba6 23. Bxd6 Nb7 24. Bxf8 Rxc2 25. Qxh7+ Kxf8 26. Rf1+ Bf6 27. Nf4 Bxf1 28. Ne6+ Ke8 29. Qxg6+ Ke7 30. Qh7+ Kd6 31. e5+ Bxe5 32. Qxc2 Bb5 33. Qf2 Qxf2+ 34. Kxf2 Kxd5 35. Ng5 Rf8+ 36. Kg2 Bf1+ 37. Kh1 Bd4 0-1